[Event "25th Open"]
[Site "Cappelle la Grande FRA"]
[Date "2009.03.04"]
[Round "6"]
[White "Rusev, K."]
[Black "Graf, A."]
[Result "1/2-1/2"]
[WhiteElo "2546"]
[BlackElo "2643"]
[PlyCount "99"]
[EventDate "2009.02.28"]

1. d4 d5 2. Nf3 c5 3. c4 e6 4. cxd5 exd5 5. g3 Nf6 6. Bg2 Be7 7. O-O O-O 8. Nc3
Nc6 9. b3 Ne4 10. Bb2 Bf6 11. Na4 Re8 12. Rc1 b6 13. dxc5 Bxb2 14. Nxb2 Nxc5
15. Re1 Bb7 16. Nd4 Ne5 17. Nf3 Nc6 18. Nd4 Nxd4 19. Qxd4 Qe7 20. Nd3 Ne6 21.
Qb4 Qf6 22. Nf4 Nxf4 23. Qxf4 Qxf4 24. gxf4 Rac8 25. e3 Kf8 26. Red1 Ke7 27.
Kf1 Kd6 28. Ke2 Ba6+ 29. Kd2 Rc5 30. Bf3 Rec8 31. Rxc5 Rxc5 32. Rg1 g6 33. a3
Bc8 34. b4 Rc7 35. Rc1 Rxc1 36. Kxc1 Bh3 37. Kd2 f6 38. Kc3 g5 39. Kd4 gxf4 40.
exf4 Be6 41. Bd1 h6 42. Bb3 Kc6 43. Ba4+ Kd6 44. Bc2 Bg4 45. Bb3 Bf3 46. f5 Be4
47. f4 a5 48. bxa5 bxa5 49. h4 Bh1 50. Bc2 1/2-1/2

[Event "25th Open"]
[Site "Cappelle la Grande FRA"]
[Date "2009.03.04"]
[Round "6"]
[White "Baklan, V."]
[Black "Hammer, J."]
[Result "0-1"]
[WhiteElo "2627"]
[BlackElo "2532"]
[PlyCount "44"]
[EventDate "2009.02.28"]

1. e4 e5 2. Nf3 Nc6 3. d4 exd4 4. Nxd4 Nf6 5. Nxc6 bxc6 6. e5 Qe7 7. Qe2 Nd5 8.
Nd2 a5 9. g3 Qe6 10. a3 g6 11. Qe4 Bg7 12. f4 d6 13. exd6 cxd6 14. Bd3 O-O 15.
O-O Qd7 16. Re1 Bb7 17. Qf3 Rfe8 18. Rxe8+ Rxe8 19. Qf2 c5 20. Nf3 Qc6 21. Bf1
Nc7 22. Bg2 Bd4 0-1

[Event "25th Open"]
[Site "Cappelle la Grande FRA"]
[Date "2009.03.04"]
[Round "6"]
[White "Sumets, A."]
[Black "Kuzubov, Y."]
[Result "1/2-1/2"]
[WhiteElo "2546"]
[BlackElo "2626"]
[PlyCount "36"]
[EventDate "2009.02.28"]

1. d4 Nf6 2. c4 d6 3. Nf3 g6 4. Nc3 Bf5 5. Nh4 Bd7 6. e4 e5 7. Nf3 exd4 8. Nxd4
Bg7 9. Be2 O-O 10. Be3 Re8 11. f3 Nc6 12. Qd2 Nh5 13. Nxc6 bxc6 14. g4 Nf6 15.
O-O-O Qe7 16. h4 Rab8 17. h5 Bxg4 18. e5 Bd7 1/2-1/2

[Event "25th Open"]
[Site "Cappelle la Grande FRA"]
[Date "2009.03.05"]
[Round "7"]
[White "Gelashvili, T."]
[Black "Timoshenko, G."]
[Result "1-0"]
[WhiteElo "2622"]
[BlackElo "2551"]
[PlyCount "98"]
[EventDate "2009.02.28"]

1. d4 Nf6 2. Nf3 g6 3. c4 Bg7 4. g3 O-O 5. Bg2 d6 6. O-O Nc6 7. d5 Na5 8. Qa4
c5 9. Bd2 b6 10. Bc3 Bd7 11. Qc2 Bf5 12. Qc1 Rb8 13. Nbd2 e5 14. Ne1 Qd7 15. e4
Bh3 16. Nd3 Bxg2 17. Kxg2 Rbe8 18. Qc2 Nb7 19. Rae1 Nh5 20. f4 exf4 21. Nxf4
Nxf4+ 22. gxf4 f6 23. Qd3 a6 24. Rf2 b5 25. b3 b4 26. Bb2 Nd8 27. Qg3 Nf7 28.
Nf3 a5 29. Kh1 a4 30. Rg2 a3 31. Ba1 Re7 32. h4 Rfe8 33. h5 Nh8 34. hxg6 hxg6
35. Rge2 Rf8 36. Nh4 Qe8 37. Qg4 Qf7 38. f5 g5 39. Nf3 Qe8 40. Nxg5 fxg5 41.
Qxg5 Ng6 42. fxg6 Rf3 43. Qh5 Bxa1 44. Qxf3 Bd4 45. Rf1 Be5 46. Ref2 Bd4 47.
Qf8+ Qxf8 48. Rxf8+ Kg7 49. R8f7+ Kg8 1-0

[Event "25th Open"]
[Site "Cappelle la Grande FRA"]
[Date "2009.03.05"]
[Round "7"]
[White "Zinchenko, Ya"]
[Black "Korobov, A."]
[Result "1/2-1/2"]
[WhiteElo "2527"]
[BlackElo "2613"]
[PlyCount "32"]
[EventDate "2009.02.28"]

1. e4 e5 2. Nf3 Nc6 3. Bb5 a6 4. Ba4 d6 5. c3 Bd7 6. d4 Nge7 7. Be3 f5 8. dxe5
Nxe5 9. Nxe5 dxe5 10. exf5 Nxf5 11. Bxd7+ Qxd7 12. Qxd7+ Kxd7 13. Nd2 Nxe3 14.
fxe3 Ke6 15. Ke2 Be7 16. Rhf1 h5 1/2-1/2

[Event "25th Open"]
[Site "Cappelle la Grande FRA"]
[Date "2009.03.05"]
[Round "7"]
[White "Hammer, J."]
[Black "Vorobiov, E."]
[Result "1-0"]
[WhiteElo "2532"]
[BlackElo "2591"]
[PlyCount "55"]
[EventDate "2009.02.28"]

1. Nf3 d5 2. d4 e6 3. g3 b5 4. Bg2 Nf6 5. O-O Nbd7 6. b3 Bb7 7. c4 bxc4 8. bxc4
dxc4 9. Na3 Be7 10. Nxc4 c5 11. dxc5 Nxc5 12. Qxd8+ Rxd8 13. Na5 Bd5 14. Ne5
Nfe4 15. Ba3 Bd6 16. Nec4 Be7 17. Ne3 Ba8 18. Rac1 Nd7 19. Bxe7 Kxe7 20. Rc7
Nec5 21. Rc1 Kd6 22. Rxa7 Bxg2 23. Kxg2 Ra8 24. Rd1+ Ke7 25. Nc6+ Kf6 26. Rdxd7
Nxd7 27. Rxd7 h5 28. Nc4 1-0

[Event "25th Open"]
[Site "Cappelle la Grande FRA"]
[Date "2009.03.05"]
[Round "7"]
[White "Gharamian, T."]
[Black "Dvoirys, S."]
[Result "1/2-1/2"]
[WhiteElo "2581"]
[BlackElo "2547"]
[PlyCount "115"]
[EventDate "2009.02.28"]

1. Nf3 c5 2. c4 Nf6 3. g3 Nc6 4. Nc3 g6 5. Bg2 d6 6. d4 cxd4 7. Nxd4 Bd7 8.
Nxc6 bxc6 9. c5 d5 10. e4 dxe4 11. Nxe4 Bg7 12. Nxf6+ Bxf6 13. Qa4 O-O 14. O-O
Qc8 15. Bh6 Rd8 16. Rad1 Be8 17. Rxd8 Qxd8 18. Bxc6 Bxc6 19. Qxc6 Rc8 20. Qa4
Bxb2 21. Rd1 Qc7 22. Qb5 Bg7 23. Bf4 a6 24. Qxa6 Qxc5 25. Rc1 Qxc1+ 26. Bxc1
Rxc1+ 27. Kg2 Bd4 28. Qa4 e5 29. f4 Kg7 30. fxe5 Bxe5 31. Qe4 Rc5 32. a4 h5 33.
Qb1 h4 34. gxh4 Bc3 35. Qc2 Bd4 36. Qd3 Bf6 37. Qa3 Rc2+ 38. Kh1 Rc3 39. Qa2
Rh3 40. a5 Rxh4 41. Qd5 Rh5 42. Qd2 Be7 43. Kg2 Rf5 44. Qc3+ Kg8 45. a6 Bc5 46.
Qb2 Ba7 47. Qb7 Bc5 48. a7 Bxa7 49. Qxa7 Kg7 50. Qd4+ Kg8 51. Qd8+ Kg7 52. Kg3
Rh5 53. h4 Rf5 54. Kg4 Rh5 55. Kf4 Rf5+ 56. Ke3 Rh5 57. Qd4+ Kg8 58. Ke4
1/2-1/2

[Event "25th Open"]
[Site "Cappelle la Grande FRA"]
[Date "2009.03.05"]
[Round "7"]
[White "Bachmann, Ax"]
[Black "Iturrizaga, E."]
[Result "1/2-1/2"]
[WhiteElo "2563"]
[BlackElo "2528"]
[PlyCount "41"]
[EventDate "2009.02.28"]

1. e4 c5 2. Nf3 g6 3. d4 cxd4 4. Nxd4 Nc6 5. Nc3 Bg7 6. Be3 Nf6 7. Bc4 O-O 8.
Bb3 d6 9. h3 Bd7 10. O-O Nxd4 11. Bxd4 Bc6 12. Qd3 a5 13. a4 Nd7 14. Bxg7 Kxg7
15. Qd4+ Kg8 16. Rfe1 Nc5 17. Bc4 Qb6 18. Bb5 Nd7 19. Qd2 Rfc8 20. Nd5 Qd8 21.
b3 1/2-1/2

[Event "25th Open"]
[Site "Cappelle la Grande FRA"]
[Date "2009.03.05"]
[Round "7"]
[White "Rychagov, A."]
[Black "Bobras, P."]
[Result "1-0"]
[WhiteElo "2515"]
[BlackElo "2554"]
[PlyCount "63"]
[EventDate "2009.02.28"]

1. Nf3 Nf6 2. c4 g6 3. d4 Bg7 4. Nc3 d5 5. cxd5 Nxd5 6. e4 Nxc3 7. bxc3 c5 8.
Be3 Qa5 9. Qd2 O-O 10. Rc1 Rd8 11. d5 e6 12. Be2 exd5 13. exd5 Bg4 14. c4 Qa3
15. O-O Nc6 16. Bg5 Rd7 17. h3 Bxf3 18. Bxf3 Nd4 19. Be4 h6 20. Bf4 Re8 21. Bd3
Rde7 22. Be3 Kh7 23. Rcd1 Qa6 24. Kh1 Qf6 25. Bf4 b6 26. Bh2 Nf3 27. gxf3 Qxf3+
28. Kg1 Bd4 29. Qf4 Qxh3 30. Qg3 Qh5 31. Kg2 Re5 32. Qh3 1-0

[Event "25th Open"]
[Site "Cappelle la Grande FRA"]
[Date "2009.03.05"]
[Round "7"]
[White "Ulibin, M."]
[Black "Salgado Lopez, I."]
[Result "0-1"]
[WhiteElo "2511"]
[BlackElo "2554"]
[PlyCount "92"]
[EventDate "2009.02.28"]

1. d4 d5 2. c4 c6 3. Nf3 Nf6 4. Nc3 e6 5. g3 dxc4 6. Bg2 b5 7. Ne5 Nd5 8. a4
Bb4 9. O-O f6 10. e4 Ne7 11. Nf3 O-O 12. axb5 Bxc3 13. bxc3 cxb5 14. Ba3 Rf7
15. Re1 a6 16. Ra2 Nd7 17. Nh4 Nb6 18. Bc5 Na4 19. Rxa4 bxa4 20. Qxa4 Qd7 21.
Qxc4 Rb8 22. Bh3 g5 23. Ng2 h5 24. Ne3 g4 25. Bg2 Nc6 26. Qa2 Qb7 27. e5 fxe5
28. Nc4 Qd7 29. Nd6 Rf6 30. dxe5 Rg6 31. Qc2 Rh6 32. Be3 Rh7 33. Ne4 Rf7 34.
Nf6+ Rxf6 35. exf6 Ne5 36. Qe4 Rb5 37. Bd4 Bb7 38. Qf4 Nd3 39. f7+ Qxf7 40. Qh6
e5 41. Qg5+ Kh7 42. Bxb7 Rxb7 43. Rd1 exd4 44. Rxd3 Rb1+ 45. Kg2 Rb2 46. Kh1
Rxf2 0-1

[Event "25th Open"]
[Site "Cappelle la Grande FRA"]
[Date "2009.03.05"]
[Round "7"]
[White "Gasanov, E."]
[Black "Olszewski, Mi"]
[Result "1/2-1/2"]
[WhiteElo "2553"]
[BlackElo "2517"]
[PlyCount "87"]
[EventDate "2009.02.28"]

1. d4 Nf6 2. c4 e6 3. g3 c5 4. d5 exd5 5. cxd5 b5 6. e4 Nxe4 7. Qe2 Qe7 8. Bg2
Nd6 9. Be3 Bb7 10. Bxc5 Na6 11. Bxd6 Qxe2+ 12. Nxe2 Bxd6 13. Nbc3 b4 14. Ne4
Bc5 15. Nxc5 Nxc5 16. Kd2 Na4 17. b3 Nb6 18. Nf4 Kd8 19. h4 Kc7 20. a3 bxa3 21.
Rxa3 Kd6 22. Rha1 Nxd5 23. Nxd5 Bxd5 24. Bxd5 Kxd5 25. Rxa7 Rxa7 26. Rxa7 Kc6
27. Kd3 Rb8 28. Kc4 Re8 29. Ra6+ Kc7 30. Ra2 Re4+ 31. Kd5 Rb4 32. Rc2+ Kd8 33.
Rc3 Rb5+ 34. Kc4 Rf5 35. f4 Kc7 36. b4 Kb6 37. Re3 Rf6 38. Re5 h6 39. Rd5 Rc6+
40. Kd4 Rc1 41. Re5 Rd1+ 42. Kc4 Rc1+ 43. Kd4 Rd1+ 44. Kc4 1/2-1/2

[Event "25th Open"]
[Site "Cappelle la Grande FRA"]
[Date "2009.03.05"]
[Round "7"]
[White "Jojua, D."]
[Black "Burmakin, V."]
[Result "1/2-1/2"]
[WhiteElo "2484"]
[BlackElo "2623"]
[PlyCount "39"]
[EventDate "2009.02.28"]

1. d4 d5 2. c4 c6 3. Nf3 Nf6 4. e3 Bf5 5. Nc3 e6 6. Nh4 Bg6 7. Nxg6 hxg6 8. Bd2
Nbd7 9. Rc1 Be7 10. cxd5 exd5 11. g3 Nb6 12. b3 Nc8 13. Bg2 Nd6 14. O-O Qd7 15.
Na4 g5 16. Bb4 g4 17. Qd3 Nde4 18. Bxe7 Qxe7 19. Nc5 Nd6 20. Rfe1 1/2-1/2

[Event "25th Open"]
[Site "Cappelle la Grande FRA"]
[Date "2009.03.05"]
[Round "7"]
[White "Graf, A."]
[Black "Vocaturo, D."]
[Result "1-0"]
[WhiteElo "2643"]
[BlackElo "2445"]
[PlyCount "85"]
[EventDate "2009.02.28"]

1. d4 Nf6 2. Nf3 g6 3. Bg5 Bg7 4. Nbd2 c5 5. e3 d6 6. c3 Qb6 7. Qb3 O-O 8. Be2
Be6 9. Qa3 Nbd7 10. h3 h6 11. Bh4 cxd4 12. Nxd4 Bd5 13. O-O g5 14. Bg3 Ne4 15.
Nxe4 Bxe4 16. Rfd1 a6 17. Bg4 f5 18. Be2 Rf6 19. f3 Bc6 20. Qb3+ Kh8 21. Bd3
Raf8 22. Qxb6 Nxb6 23. Nxc6 bxc6 24. Bxa6 Na4 25. Rd4 Nxb2 26. Rb4 Re6 27. Rxb2
Bxc3 28. Rbb1 Bxa1 29. Rxa1 Rxe3 30. a4 Rb8 31. Bc4 Rc3 32. Be6 f4 33. Bf2 c5
34. a5 Ra8 35. a6 Ra7 36. Be1 Re3 37. Bc4 Kh7 38. Bd2 Re5 39. Ba5 Ra8 40. Bb6
d5 41. Bd3+ Kg8 42. Bxc5 Re6 43. Bb5 1-0

[Event "25th Open"]
[Site "Cappelle la Grande FRA"]
[Date "2009.03.05"]
[Round "7"]
[White "Kuzubov, Y."]
[Black "Spirin, O."]
[Result "1/2-1/2"]
[WhiteElo "2626"]
[BlackElo "2438"]
[PlyCount "153"]
[EventDate "2009.02.28"]

1. Nf3 Nf6 2. c4 g6 3. Nc3 Bg7 4. e4 d6 5. d4 O-O 6. h3 e5 7. d5 a5 8. Bg5 Na6
9. Be2 Qe8 10. Nd2 Kh8 11. h4 h6 12. Be3 Ng8 13. g4 f5 14. f3 Bd7 15. Qc2 f4
16. Bf2 Ne7 17. Ndb1 c5 18. Na3 Qb8 19. Nab5 Nc8 20. a3 b6 21. Rb1 Na7 22. h5
g5 23. Kd2 Rc8 24. Nxa7 Rxa7 25. b3 Bf6 26. Rb2 Bd8 27. Rhb1 Kg7 28. Ke1 Kf7
29. Kf1 Ke7 30. Kg2 Qb7 31. Bd3 Qb8 32. Na2 Qa8 33. Be2 Be8 34. Qc3 Bd7 35. Nc1
Bc7 36. Nd3 Rb8 37. Rd2 Kf7 38. Rdd1 Re8 39. Qb2 Qb7 40. Bf1 Qc8 41. Kh3 Qb7
42. Be1 Qb8 43. Bc3 Rb7 44. Qa1 Ra7 45. Rd2 Nb4 46. Nc1 Na6 47. Ra2 Ra8 48. Nd3
Qc8 49. Be2 Qb8 50. Kg2 Qc8 51. Kf2 Qb8 52. Kf1 Qc8 53. Qb2 Qb8 54. b4 axb4 55.
axb4 cxb4 56. Nxb4 Nc5 57. Rba1 Qb7 58. Be1 Rxa2 59. Qxa2 Rb8 60. Bf2 Ke7 61.
Qa3 Bd8 62. Kg2 Bc7 63. Nd3 Ke8 64. Nb4 Ke7 65. Ra2 Bd8 66. Qa7 Bc7 67. Qa3 Bd8
68. Nd3 Ke8 69. Ra1 Bc7 70. Bf1 Bd8 71. Ra2 Bc7 72. Kg1 Bd8 73. Qb2 Qc7 74. Nb4
Qb7 75. Qa3 Ke7 76. Qa7 Bc7 77. Qa3 1/2-1/2

[Event "25th Open"]
[Site "Cappelle la Grande FRA"]
[Date "2009.03.05"]
[Round "7"]
[White "Zdebskaja, N."]
[Black "Malakhatko, V."]
[Result "1/2-1/2"]
[WhiteElo "2428"]
[BlackElo "2610"]
[PlyCount "76"]
[EventDate "2009.02.28"]

1. e4 e6 2. d4 d5 3. Nc3 Bb4 4. e5 Ne7 5. Qg4 Nf5 6. Nf3 Nc6 7. Bd3 Bf8 8. Bg5
Qd7 9. O-O-O h6 10. Bxf5 exf5 11. Qh5 g6 12. e6 fxe6 13. Qxg6+ Qf7 14. Qxf7+
Kxf7 15. Bf4 Bd6 16. Ne5+ Nxe5 17. Bxe5 Rg8 18. g3 Bxe5 19. dxe5 b6 20. Rd4 Bb7
21. Ne2 Ba6 22. Kd2 Bxe2 23. Kxe2 h5 24. Rh4 Rg4 25. Rxg4 hxg4 26. h4 gxh3 27.
Rxh3 Kg6 28. Ke3 c5 29. c3 b5 30. Rh4 a5 31. a3 Rb8 32. Kd3 c4+ 33. Kc2 b4 34.
axb4 axb4 35. b3 cxb3+ 36. Kxb3 bxc3+ 37. Kxc3 Rb1 38. Kd2 Rb2+ 1/2-1/2

[Event "25th Open"]
[Site "Cappelle la Grande FRA"]
[Date "2009.03.05"]
[Round "7"]
[White "Mamedov, Nid"]
[Black "Guidarelli, L."]
[Result "1-0"]
[WhiteElo "2607"]
[BlackElo "2433"]
[PlyCount "71"]
[EventDate "2009.02.28"]

1. e4 d6 2. d4 Nf6 3. Nc3 g6 4. Bg5 Bg7 5. Qd2 h6 6. Bh4 Nbd7 7. O-O-O g5 8.
Bg3 c5 9. dxc5 Nxc5 10. f3 Be6 11. Nge2 O-O 12. Nd4 Qa5 13. a3 Rfc8 14. Kb1 b5
15. Nd5 Qd8 16. Nxe6 Nxe6 17. h4 b4 18. axb4 a5 19. b5 a4 20. Nxf6+ Bxf6 21.
hxg5 hxg5 22. e5 Bg7 23. Qd3 Nf8 24. Qa3 Qc7 25. Bd3 dxe5 26. Be4 Qc4 27. b6
Rab8 28. Bf2 e6 29. g4 Ng6 30. Rd7 Bf8 31. Qd3 Qxd3 32. cxd3 Bc5 33. Bxc5 Rxc5
34. Bxg6 fxg6 35. b7 a3 36. Rdh7 1-0